[Event "Cesenatico op-A 20th"]
[Site "Cesenatico"]
[Date "2016.09.03"]
[Round "1"]
[White "Tommasi, Renzo"]
[Black "Calavalle, Giulio"]
[Result "1-0"]
[WhiteElo "1978"]
[BlackElo "2203"]
[PlyCount "83"]
[EventDate "2016.09.03"]
[EventType "swiss"]
[EventRounds "9"]
[EventCountry "ITA"]
[SourceTitle "EXT 2024"]
[Source "ChessBase"]
[SourceDate "2023.10.10"]
[SourceVersion "1"]
[SourceVersionDate "2023.10.10"]
[SourceQuality "1"]

1. e4 c5 2. Nf3 d6 3. d4 cxd4 4. Nxd4 Nf6 5. Nc3 a6 6. Bg5 e6 7. f4 Nbd7 8. Qf3 Qc7 9. g4 b5 10. Bxf6 gxf6 11. Bd3 Bb7 12. f5 b4 13. Nd1 e5 14. Ne2 Nc5 15. Ng3 0-0-0 16. Ne3 Re8 17. Bc4 Na4 18. Bd5 Bh6 19. 0-0 Qc5 20. Rfe1 Nxb2 21. Kh1 Bxe3 22. Qxe3 Bxd5 23. Qxc5+ dxc5 24. exd5 Rd8 25. a3 b3 26. cxb3 Nd3 27. Re2 Rxd5 28. Ne4 Rd4 29. Nxf6 h5 30. g5 Rf4 31. Nd5 Rg4 32. Rg1 Kd8 33. g6 fxg6 34. fxg6 Rg8 35. Rxg4 hxg4 36. Rd2 Rxg6 37. Rxd3 Rd6 38. Nb4 Kd7 39. Nxa6 Kc6 40. Rxd6+ Kxd6 41. Kg2 Kd5 42. Nxc5 1-0